Les buteurs des Pays-Bas au Championnat d'Europe de football 2000 - Statistiques

Statistiques générales
  • Ce quiz a été pris 15 fois
  • Le résultat moyen est 9 sur 12
Statistiques - réponses
Match Minute Buteur % Correct
Danemark - Pays-Bas 0-3 57' Patrick Kluivert
93%
France - Pays-Bas 2-3 14' Patrick Kluivert
93%
Pays-Bas - Yougoslavie 6-1 24' Patrick Kluivert
93%
Pays-Bas - Yougoslavie 6-1 38' Patrick Kluivert
93%
Pays-Bas - Yougoslavie 6-1 54' Patrick Kluivert
93%
Pays-Bas - République Tchèque 1-0 89' Frank de Boer
80%
France - Pays-Bas 2-3 51' Frank de Boer
80%
Danemark - Pays-Bas 0-3 66' Ronald de Boer
80%
Pays-Bas - Yougoslavie 6-1 78' Marc Overmars
53%
Pays-Bas - Yougoslavie 6-1 90+1' Marc Overmars
53%
Danemark - Pays-Bas 0-3 77' Boudewijn Zenden
47%
France - Pays-Bas 2-3 59' Boudewijn Zenden
47%
Aucun quiz correspondant
Distribution des résultats
% des personnes avec chaque résultat
Percentile par nombre de réponses
Votre historique - résultats
Vous n’avez pas pris ce quiz